Mastering conflict [and] controversy / (Registro nro. 97)

Detalles MARC
000 -LEADER
campo de control de longitud fija 01462cam a2200469 4500
003 - IDENTIFICADOR DE NÚMERO DE CONTROL
campo de control PE-LiUPU
005 - FECHA Y HORA DE LA ÚLTIMA TRANSACCIÓN
campo de control 20250731172702.0
020 ## - NÚMERO INTERNACIONAL ESTÁNDAR DEL LIBRO
Número Internacional Estándar del Libro 0880705019
035 ## - NÚMERO DE CONTROL DEL SISTEMA
Número de control de sistema (Sirsi) i9780880705011
035 ## - NÚMERO DE CONTROL DEL SISTEMA
Número de control de sistema (Sirsi) 20731
035 ## - NÚMERO DE CONTROL DEL SISTEMA
Número de control de sistema (Sirsi) 20731
041 ## - CÓDIGO DE IDIOMA
Código de lengua del texto/banda sonora o título independiente en
044 ## - CÓDIGO DEL PAÍS DE LA ENTIDAD EDITORA/PRODUCTORA
Código MARC del país us
082 04 - NÚMERO DE LA CLASIFICACIÓN DECIMAL DEWEY
Número de clasificación 250
Cutter D32
100 1# - ENTRADA PRINCIPAL--NOMBRE DE PERSONA
Nombre de persona Davis, Ron Lee
245 ## - MENCIÓN DEL TÍTULO
Título Mastering conflict [and] controversy /
Mención de responsabilidad, etc. Edward G. Dobson, Speed B. Leas, Marshall Shelley.
264 #1 - PRODUCCIÓN, PUBLICACIÓN, DISTRIBUCIÓN, FABRICACIÓN Y COPYRIGHT
Producción, publicación, distribución, fabricación y copyright Portland Oregon :
Nombre del de productor, editor, distribuidor, fabricante Multnomah press,
Fecha de producción, publicación, distribución, fabricación o copyright 1992
300 ## - DESCRIPCIÓN FÍSICA
Extensión 192 páginas ;
Dimensiones 22 cm.
490 0# - MENCIÓN DE SERIE
Mención de serie Mastering ministry
505 0# - NOTA DE CONTENIDO CON FORMATO
Nota de contenido con formato The upside of conflict -- Keeping your poise -- Understanding the conflict -- Special cases -- Conflict redeemed
526 ## - NOTA DE INFORMACIÓN SOBRE EL PROGRAMA DE ESTUDIO
Nombre del programa Segunda Especialidad En Profecías Bíblicas
526 ## - NOTA DE INFORMACIÓN SOBRE EL PROGRAMA DE ESTUDIO
Nombre del programa Segunda Especialidad En Nuevo Testamento
526 ## - NOTA DE INFORMACIÓN SOBRE EL PROGRAMA DE ESTUDIO
Nombre del programa Segunda Especialidad En Antiguo Testamento
526 ## - NOTA DE INFORMACIÓN SOBRE EL PROGRAMA DE ESTUDIO
Nombre del programa Segunda Especialidad En Estudios Adventistas
526 ## - NOTA DE INFORMACIÓN SOBRE EL PROGRAMA DE ESTUDIO
Nombre del programa Doctorado en teología
526 ## - NOTA DE INFORMACIÓN SOBRE EL PROGRAMA DE ESTUDIO
Nombre del programa Maestría en teología histórica
526 ## - NOTA DE INFORMACIÓN SOBRE EL PROGRAMA DE ESTUDIO
Nombre del programa Maestría en teología bíblica
526 ## - NOTA DE INFORMACIÓN SOBRE EL PROGRAMA DE ESTUDIO
Nombre del programa Maestría en teología
526 ## - NOTA DE INFORMACIÓN SOBRE EL PROGRAMA DE ESTUDIO
Nombre del programa Maestría en misionología
526 ## - NOTA DE INFORMACIÓN SOBRE EL PROGRAMA DE ESTUDIO
Nombre del programa Maestría en liderazgo eclesiástico
526 ## - NOTA DE INFORMACIÓN SOBRE EL PROGRAMA DE ESTUDIO
Nombre del programa Teología
596 ## -
-- 1
650 14 - PUNTO DE ACCESO ADICIONAL DE MATERIA--TÉRMINO DE MATERIA
Término de materia o nombre geográfico como elemento de entrada Controversias en la iglesia
700 1# - ENTRADA AGREGADA--NOMBRE PERSONAL
Nombre de persona Dobson, Edward G.
Término indicativo de función/relación ed.
700 1# - ENTRADA AGREGADA--NOMBRE PERSONAL
Nombre de persona Leas, Speed B.
Término indicativo de función/relación ed.
700 1# - ENTRADA AGREGADA--NOMBRE PERSONAL
Nombre de persona Sheley, Marshall
Término indicativo de función/relación ed.
859 ## - INFORMACIÓN DE CONTROL LOCAL (RLIN)
-- 43633
-- 250
-- D32
942 ## - ELEMENTOS DE ENTRADA SECUNDARIOS (KOHA)
Fuente del sistema de clasificación o colocación Clasificación Decimal Dewey
Tipo de ítem Koha
949 ## - PROCESAMIENTO DE INFORMACIÓN LOCAL (OCLC)
a 250 D32
i 43633
l POSTGRADO
m BUL
t LIBRO
o .STAFF. Posgrado
910 ## - DATOS DE OPCIÓN DEL USUARIO (OCLC)
Datos de opción del usuario aj-hd
999 ## - NÚMEROS DE CONTROL DE SISTEMA (KOHA)
-- DEWEY
-- 43633
-- 2021-11-12
-- 5
-- CCODEBUL1
-- BUL
-- 0
-- Y
-- BOOK
-- 2015-6-16
-- TEOLOGIA
-- UNKNOWN
-- COMPRA
-- .STAFF. Colección General
980 ## - EQUIVALENCIA O REFERENCIA-CRUZADA-MENCIÓN DE SERIE--NOMBRE DE PERSONA/TÍTULO [LOCAL, CANADÁ]
ID del último usuario que modificó el registro 1
Nombre del último usuario que modificó el registro ALBERTO SANCHEZ Responsable de Automatización
Existencias
Visto por última vez Número de inventario Total de préstamos Signatura topográfica completa Código de barras Copia número Fecha de reemplazo Facultad Tipo de ítem Koha Nota pública Estado de pérdida Fuente del sistema de clasificación o colocación Restricciones de uso No para préstamo Colección Programa académico Biblioteca de origen Biblioteca actual Ubicación en estantería Fecha de adquisición Fuente de adquisición
2025-12-03 6   250 D32 43633 e1 2015-06-16   Libros físicos inventario-2023-12-13 No Perdido Clasificación Decimal Dewey No restringido Disponible para préstamos Colección General Doctorado en teología Biblioteca CRAI UPeU Lima Biblioteca CRAI UPeU Lima Sala principal 2015-06-16 COMPRA